| 000 | 00683nam a2200241Ia 4500 | ||
|---|---|---|---|
| 003 | OSt | ||
| 005 | 20221005113947.0 | ||
| 006 | a|||||r|||| 00| 0 | ||
| 007 | ta | ||
| 008 | 221004b |||||||| |||| 00| 0 ara d | ||
| 020 | _c130 | ||
| 024 | _a39493 | ||
| 037 |
_b01, 26/03/2007, Nadwi Publications _cTextual |
||
| 040 |
_aCRL _cCRL _bara |
||
| 041 |
_2ara _aara |
||
| 082 | _aO28,3NMAx, P7 | ||
| 100 |
_aNawasirah Mehmood Au. _9625239 |
||
| 245 | 0 | _aAl-raqsoon Ali alnai | |
| 260 | _c2007 | ||
| 650 |
_aARABIC FICTION _964594 |
||
| 942 |
_hO28,3NMAx, P7 _cTEXL _2cc |
||
| 999 |
_c1029883 _d1029883 |
||